[Event "Budapest FS03 FM"]
[Site "Budapest"]
[Date "2018.03.03"]
[Round "1"]
[White "Havaskori, Laszlo"]
[Black "Eperjesi, Laszlo"]
[Result "0-1"]
[WhiteElo "1869"]
[BlackElo "2126"]
[PlyCount "50"]
[EventDate "2018.03.03"]
[EventType "tourn"]
[EventRounds "10"]
[EventCountry "HUN"]
[SourceTitle "CBM 183 Extra"]
[Source "ChessBase"]
[SourceDate "2018.04.19"]
[SourceVersion "1"]
[SourceVersionDate "2018.04.19"]
[SourceQuality "1"]

1. e4 c6 2. d4 d5 3. e5 Bf5 4. Nc3 e6 5. g4 Bg6 6. Bg2 h5 7. g5 h4 8. h3 Bb4 9. Nge2 Ne7 10. Nf4 Bf5 11. Nd3 Ba5 12. a3 Bxc3+ 13. bxc3 Qa5 14. Qd2 Nd7 15. Rb1 b6 16. 0-0 Rc8 17. a4 c5 18. Ba3 cxd4 19. Bb4 dxc3 20. Qc1 Qa6 21. Qa3 Ng6 22. Rfe1 Bxd3 23. cxd3 d4 24. Be4 Nc5 25. a5 0-0 0-1

[Event "Budapest FS02 FM"]
[Site "Budapest"]
[Date "2018.02.04"]
[Round "2"]
[White "Eperjesi, Laszlo"]
[Black "Szalanczy, Emil"]
[Result "1/2-1/2"]
[WhiteElo "2112"]
[BlackElo "2213"]
[PlyCount "97"]
[EventDate "2018.02.03"]
[EventType "tourn"]
[EventRounds "9"]
[EventCountry "HUN"]
[SourceTitle "CBM 182 Extra"]
[Source "ChessBase"]
[SourceDate "2018.02.23"]
[SourceVersion "1"]
[SourceVersionDate "2018.02.23"]
[SourceQuality "1"]

1. Nf3 Nf6 2. e3 g6 3. b3 Bg7 4. Bb2 0-0 5. c4 d6 6. Be2 e5 7. d3 Nc6 8. 0-0 Bf5 9. Nbd2 Qe7 10. Re1 Rad8 11. Bf1 Rfe8 12. a3 a5 13. Qc2 b6 14. h3 h6 15. Bc3 g5 16. b4 Qd7 17. bxa5 Nxa5 18. Bxa5 bxa5 19. e4 Be6 20. c5 Qc6 21. Rec1 Nd7 22. cxd6 Qxc2 23. Rxc2 cxd6 24. Nc4 Bxc4 25. Rxc4 Nc5 26. Rac1 Rb8 27. Nd2 Rb2 28. R4c2 Rxc2 29. Rxc2 Rb8 30. Nc4 Rb1 31. Nxa5 Nxd3 32. Rd2 Nc5 33. f3 Bf8 34. Nc4 h5 35. Kf2 g4 36. hxg4 hxg4 37. Be2 Rb3 38. Ra2 g3+ 39. Kxg3 Nxe4+ 40. Kg4 Nc3 41. Na5 Rb1 42. Rc2 Nd5 43. Nc4 Ra1 44. g3 Kh8 45. Kh3 Rh1+ 46. Kg2 Ra1 47. Bd3 Rd1 48. Be4 Nf6 49. Bf5 1/2-1/2

[Event "Budapest FS02 Nadassy"]
[Site "Budapest"]
[Date "2018.02.03"]
[Round "2.1"]
[White "Sahithi Varshini, M."]
[Black "Eperjesi, Laszlo"]
[Result "1/2-1/2"]
[WhiteElo "1896"]
[BlackElo "2126"]
[PlyCount "102"]
[EventDate "2018.02.02"]
[EventType "schev"]
[EventRounds "10"]
[EventCountry "HUN"]
[SourceTitle "EXT 2022"]
[Source "ChessBase"]
[SourceDate "2021.10.06"]
[SourceVersion "1"]
[SourceVersionDate "2021.10.06"]
[SourceQuality "1"]
[WhiteTeam "Team B Lower Elo"]
[BlackTeam "Team A Higher Elo"]
[WhiteTeamCountry "IND"]
[BlackTeamCountry "HUN"]

1. e4 c6 2. d4 d5 3. e5 Bf5 4. h4 h5 5. Bd3 Bxd3 6. Qxd3 e6 7. Bg5 Be7 8. Nh3 Nh6 9. Nc3 Nf5 10. Bxe7 Qxe7 11. g3 a5 12. 0-0-0 a4 13. Kb1 Nd7 14. Nf4 Nb6 15. a3 g6 16. Rdg1 Kd7 17. Ng2 Nc4 18. Ne3 b5 19. Na2 c5 20. Nxf5 gxf5 21. Rd1 Rhg8 22. Qe2 Rg4 23. c3 Rc8 24. Rd3 Ke8 25. f4 Kf8 26. dxc5 Qxc5 27. Nb4 Na5 28. Rhd1 Qc4 29. Qf2 Nb3 30. Nc2 Rg6 31. Qf3 Rh6 32. Na1 Qe4 33. Nxb3 Qxf3 34. Rxf3 axb3 35. Rd4 Rc4 36. Kc1 Ke7 37. Kd2 Rh8 38. Rf1 Rg8 39. Rg1 Kd7 40. Ke3 Rgc8 41. Rxc4 Rxc4 42. Rd1 Re4+ 43. Kf2 Kc6 44. Rd4 Rxd4 45. cxd4 b4 46. axb4 Kb5 47. Ke2 Kxb4 48. Kd3 Kb5 49. Kc3 Ka4 50. Kd2 Kb5 51. Kc3 Ka4 1/2-1/2

[Event "Budapest-chT1 Lilienthal 1718"]
[Site "Budapest"]
[Date "2018.01.21"]
[Round "7"]
[White "Mester, Attila"]
[Black "Eperjesi, Laszlo"]
[Result "1/2-1/2"]
[WhiteElo "2019"]
[BlackElo "2133"]
[PlyCount "32"]
[EventDate "2017.10.01"]
[EventType "team-tourn"]
[EventRounds "13"]
[EventCountry "HUN"]
[SourceTitle "EXT 2021"]
[Source "ChessBase"]
[SourceDate "2020.10.23"]
[SourceVersion "1"]
[SourceVersionDate "2020.10.23"]
[SourceQuality "1"]
[WhiteTeam "Penzugyor III"]
[BlackTeam "Budapest Vasas II"]
[WhiteTeamCountry "HUN"]
[BlackTeamCountry "HUN"]

1. e4 c6 2. d4 d5 3. e5 Bf5 4. h4 h5 5. c4 e6 6. Nc3 Be7 7. g3 dxc4 8. Bxc4 Nd7 9. Be2 g6 10. Be3 Nb6 11. Qb3 Qd7 12. Rc1 Nd5 13. Nxd5 exd5 14. f3 Nh6 15. Bxh6 Rxh6 16. Bd3 0-0-0 1/2-1/2

[Event "Budapest Karacsonyi op"]
[Site "Budapest"]
[Date "2017.12.30"]
[Round "7"]
[White "Kozsik, Bende Barnabas"]
[Black "Eperjesi, Laszlo"]
[Result "1/2-1/2"]
[WhiteElo "1960"]
[BlackElo "2089"]
[PlyCount "114"]
[EventDate "2017.12.27"]
[EventType "swiss"]
[EventRounds "7"]
[EventCountry "HUN"]
[SourceTitle "CBM 182 Extra"]
[Source "ChessBase"]
[SourceDate "2018.02.23"]
[SourceVersion "1"]
[SourceVersionDate "2018.02.23"]
[SourceQuality "1"]

1. b3 e5 2. Bb2 Nc6 3. e3 Nf6 4. Bb5 Bd6 5. Ne2 0-0 6. 0-0 Ne7 7. d4 exd4 8. Nxd4 c6 9. Be2 Bc7 10. c4 d5 11. Nc3 Qd6 12. Nf3 Bg4 13. g3 dxc4 14. Qxd6 Bxd6 15. bxc4 Rad8 16. Rfd1 Bb4 17. Kg2 h6 18. h3 Be6 19. Nd4 Bc8 20. Bf3 Ng6 21. Nc2 Be7 22. Ne4 Nxe4 23. Bxe4 f5 24. Bf3 Be6 25. Be2 Kf7 26. Nd4 Bf6 27. Bh5 Bxc4 28. Ba3 Rfe8 29. Rab1 Bxd4 30. Rxb7+ Kf6 31. Rxd4 Rxd4 32. exd4 Bxa2 33. Rxa7 Bd5+ 34. Bf3 f4 35. Bxd5 cxd5 36. Rd7 fxg3 37. fxg3 Ne7 38. Bxe7+ Rxe7 39. Rxd5 Re3 40. Rd6+ Kf5 41. h4 Rd3 42. Kh3 g5 43. hxg5 hxg5 44. Rd5+ Ke6 45. Rxg5 Rxd4 46. Rg4 Rd8 47. Rf4 Rh8+ 48. Kg2 Ke5 49. Kf3 Rh1 50. Kg4 Rh8 51. Rf5+ Ke6 52. Kf4 Rh1 53. Kg5 Rh8 54. Rf6+ Ke7 55. g4 Rg8+ 56. Kf5 Rxg4 57. Re6+ Kf7 1/2-1/2

[Event "Budapest Karacsonyi op"]
[Site "Budapest"]
[Date "2017.12.28"]
[Round "2"]
[White "Eperjesi, Laszlo"]
[Black "Zoldy, Robert"]
[Result "1/2-1/2"]
[WhiteElo "2089"]
[BlackElo "1858"]
[PlyCount "56"]
[EventDate "2017.12.27"]
[EventType "swiss"]
[EventRounds "7"]
[EventCountry "HUN"]
[SourceTitle "CBM 182 Extra"]
[Source "ChessBase"]
[SourceDate "2018.02.23"]
[SourceVersion "1"]
[SourceVersionDate "2018.02.23"]
[SourceQuality "1"]

1. Nf3 f5 2. g3 Nf6 3. Bg2 g6 4. 0-0 Bg7 5. c4 0-0 6. Nc3 d6 7. d3 e5 8. Rb1 a5 9. a3 Nc6 10. b4 axb4 11. axb4 Nd4 12. Nxd4 exd4 13. Nb5 Ne8 14. Bb2 c5 15. Qb3 Nc7 16. bxc5 dxc5 17. Ra1 Rxa1 18. Rxa1 Re8 19. Nxc7 Qxc7 20. Bf3 f4 21. Ra8 fxg3 22. hxg3 Be5 23. Bxb7 Bxg3 24. Rxc8 Bxf2+ 25. Kxf2 Qh2+ 26. Kf1 Qxe2+ 27. Kg1 Qe1+ 28. Kg2 Qe2+ 1/2-1/2

[Event "Budapest FS12 FM"]
[Site "Budapest"]
[Date "2017.12.12"]
[Round "10"]
[White "Vanya, Janos"]
[Black "Eperjesi, Laszlo"]
[Result "0-1"]
[WhiteElo "1897"]
[BlackElo "2089"]
[PlyCount "74"]
[EventDate "2017.12.02"]
[EventType "tourn"]
[EventRounds "10"]
[EventCountry "HUN"]
[SourceTitle "CBM 182 Extra"]
[Source "ChessBase"]
[SourceDate "2018.02.23"]
[SourceVersion "1"]
[SourceVersionDate "2018.02.23"]
[SourceQuality "1"]

1. d4 Nf6 2. c4 e6 3. Nc3 Bb4 4. e3 0-0 5. Nf3 d5 6. Bd3 c5 7. 0-0 cxd4 8. exd4 dxc4 9. Bxc4 b6 10. Qe2 Bb7 11. Rd1 Nbd7 12. Bd3 Bxc3 13. bxc3 Qc7 14. c4 Rfe8 15. Ne5 Nxe5 16. dxe5 Qc6 17. f3 Nd7 18. Bb2 Nc5 19. Bc2 Red8 20. Rac1 Qc7 21. Qf2 h6 22. Qg3 Rxd1+ 23. Rxd1 Rd8 24. Rd6 Kf8 25. h4 Ba6 26. Qf4 Kg8 27. g4 Rc8 28. g5 hxg5 29. Qxg5 Nb7 30. Rd4 Qc5 31. Kg2 Qf8 32. Rg4 Rxc4 33. Be4 Nc5 34. Ba3 Ra4 35. Bxc5 bxc5 36. Qh5 g6 37. Rxg6+ fxg6 0-1